00660nam a2200241 a 4500001001300000003000900013005001700022008004100039020000800080082001500088100001900103245001800122260003800140300000800178500003500186505001000221650002700231700001900258902000800277942000700285952011100292999001500403nice12345678IN_TiNIC20260116012016.0050524s1975 laha grp 000 0 urd  ac100a232.9bKHA aKhan, Barkat A aNajat Dehinda aLahorebMasihi Ishaat Khanac1975 a58p aincludes index and biblioraphy2 aIndex aJesus Christ-Biography1 aKhan, Barkat A bSRS cBK 001040708StackRoom-aHMIbHMId2007-06-18g1.00l0o232.9 KHAp09026r2007-06-18v1.00w2005-05-24yBK c5264d5264